NFL Superbowl Losers - Statistics

General Stats
  • This quiz has been taken 333 times
  • The average score is 6 of 8
Answer Stats
Apps Answer % Correct
4 Buffalo Bills
97%
4 Minnesota Vikings
87%
2 Atlanta Falcons
78%
2 Cincinatti Bengals
78%
2 Carolina Panthers
77%
1 LA Chargers
76%
1 Arizona Cardinals
75%
1 Tennessee Titans
72%
No matching quizzes found
Score Distribution
Percent of People with Each Score
Percentile by Number Answered
Your Score History
You have not taken this quiz